| 000 | 00707nam a22002295i 4500 | ||
|---|---|---|---|
| 001 | 48551 | ||
| 003 | ES-MaACL | ||
| 005 | 20230906161754.0 | ||
| 007 | t| | ||
| 008 | 950724s1900 it ||||1| ita d | ||
| 040 |
_aCAM _bspa _cCAM |
||
| 100 | 1 |
_aDe Sanctis, Francesco. _943078 |
|
| 245 | 1 | 0 |
_aScritti politici / _cdi Francesco de Sanctis; raccolti da Giuseppe Ferrarelli. |
| 250 | _a3ยบ ed. | ||
| 260 |
_aNapoli : _bAntonio Morano e Figlio, _c1900. |
||
| 300 |
_aIX, 268 p. ; _c19 cm. |
||
| 490 | 1 |
_aOpere di Francesco De Sanctis ; _v10 |
|
| 700 | 1 |
_aFerrarelli, Giuseppe. _950300 |
|
| 830 | 0 |
_aOpere di Francesco De Sanctis ; _v10 _9182243 |
|
| 852 |
_aES-MaACL _jD-1225 |
||
| 999 |
_c48551 _d48551 |
||